|
|
|
|
| LEADER |
00000nab a2200000 a 4500 |
| 001 |
vtls000717183 |
| 003 |
SK-MaSNL |
| 005 |
20260304121748.0 |
| 008 |
250429c1999 xo 0 slo |
| 015 |
|
|
|a SNBRB2000/03-09201
|
| 035 |
|
|
|a CLN000069350
|
| 035 |
|
|
|a urn:nbn:sk:snk-ab7b9y
|
| 035 |
|
|
|a (uuid)1e6f4b1c-32fe-4e1a-a93b-8797213ebef0
|
| 035 |
|
|
|a (urnnbn)urn:nbn:sk:snk:ar-a07f3c
|
| 035 |
|
|
|a (sysno)vtls000717183
|
| 040 |
|
|
|a SNKBUCL
|b slo
|c SNKBUCL
|e AACR2
|
| 041 |
0 |
|
|a eng
|
| 044 |
|
|
|a xo
|c SK
|
| 080 |
|
|
|a 327(564.3)
|2 1981
|
| 080 |
|
|
|a 327(560)
|2 1981
|
| 100 |
1 |
|
|a Unal, Hasan
|4 aut
|9 1426926
|
| 245 |
1 |
4 |
|a The Cyprus Question: History, Mutual Perceptions and Lafest Trends
|c Hasan Unal
|
| 504 |
|
|
|a Bibliogr. odkazy
|
| 546 |
|
|
|a Res. slov.
|
| 650 |
0 |
7 |
|a zahraničná politika
|2 snkbucl
|9 971
|
| 651 |
|
7 |
|a Turecko
|2 snkbucl
|9 16927
|
| 651 |
|
7 |
|a Cyprus
|2 snkbucl
|9 145814
|
| 773 |
0 |
|
|t Medzinárodné otázky
|g Roč. 8, č. 4 (1999), s. 45-69
|x 1210-1583
|
| 850 |
|
|
|a Slovenská národná knižnica
|
| 852 |
|
|
|a Slovenská národná knižnica
|
| 954 |
|
|
|a odborná, vedecká literatúra cudzojazyčná (svetová)
|2 lita
|
| 958 |
|
|
|a article27
|
| 958 |
|
|
|a TR
|
| 958 |
|
|
|a CY
|
| 958 |
|
|
|a OND
|
| 958 |
|
|
|a EUIPO
|
| 999 |
|
|
|c 2886875
|d 2888805
|